Statistics for Premier League Players 2020/21 By Name - J

Click here to take the quiz!

General Stats

  • This quiz has been taken 38 times
    (27 since last reset)
  • The average score is 13 of 17

Answer Stats

ClubNationPositionPlayer% Correct
Manchester UnitedWalesFWDaniel James
100%
ChelseaItalyMFJorginho
100%
ChelseaEnglandDFReece James
100%
LiverpoolEnglandMFCurtis Jones
92%
LiverpoolPortugalFWDiogo Jota
92%
Manchester CityBrazilFWGabriel Jesus
92%
Manchester UnitedEnglandDFPhil Jones
92%
West Ham UnitedEnglandDFBen Johnson
85%
WolvesMexicoFWRaul Jimenez
85%
Brighton & Hove AlbionIranFWAlireza Jahanbakhsh
77%
Newcastle UnitedBrazilFWJoelinton
77%
Leicester CityEnglandDFJames Justin
69%
WolvesSpainDFJonny
69%
West Bromwich AlbionEnglandGKSam Johnstone
69%
Leicester CitySwitzerlandGKEldin Jakupovic
54%
WolvesBrazilFWWillian Jose
46%
Sheffield UnitedEnglandDFPhil Jagielka
38%

Score Distribution

Percentile by Number Answered

Percent of People with Each Score

Your Score History

You have not taken this quiz since the last reset